<?xml version="1.0" encoding="UTF-8"?>
<marc:record xmlns:marc="http://www.loc.gov/MARC21/slim">
   <marc:leader>00000nam a2200000 a 4500</marc:leader>
   <marc:datafield ind1="1" ind2=" " tag="100">
      <marc:subfield code="a">Lehtolainen, Leena</marc:subfield>
      <marc:subfield code="4">aut</marc:subfield>
      <marc:subfield code="e">Verfasser/-in</marc:subfield>
   </marc:datafield>
   <marc:datafield ind1="0" ind2="0" tag="245">
      <marc:subfield code="a">Sag mir, wo die Mädchen sind</marc:subfield>
   </marc:datafield>
   <marc:datafield ind1="0" ind2="0" tag="245">
      <marc:subfield code="b">Maria Kallio ermittelt ; Roman</marc:subfield>
   </marc:datafield>
   <marc:datafield ind1="0" ind2="0" tag="245">
      <marc:subfield code="c">Leena Lehtolainen. Aus dem Finn. von Gabriele Schrey-Vasara</marc:subfield>
   </marc:datafield>
   <marc:datafield ind1=" " ind2="1" tag="264">
      <marc:subfield code="a">Reinbek</marc:subfield>
      <marc:subfield code="b">Kindler</marc:subfield>
      <marc:subfield code="c">2012</marc:subfield>
   </marc:datafield>
   <marc:datafield ind1="1" ind2=" " tag="520">
      <marc:subfield code="a">Quelle: bn.bibliotheksnachrichten (http://www.biblio.at/literatur/bn/index.html); #Autor: Maria Schmuckermair; #Ein Mord an einer jungen Migrantin in Finnland - eine engagierte Polizistin klärt auf. (DR)#Maria Kallio hat beim Aufbau einer Polizeischule in Afghanistan mitgearbeitet und ist mit viel Glück einem Taliban-Anschlag entgangen. Nun erfüllt sie wieder ihren Dienst als Kommissarin bei der Espooer Polizei. Aus dem Mädchenklub, den auch ihre halbwüchsige Tochter Iida besucht, der aber vor allem ein Ort der Integration für Migrantinnen ist, sind drei junge Frauen spurlos verschwunden: die siebzehnjährige Afghanin Aziza, die vierzehnjährige bosnische Muslima Sara und die eben erst volljährig gewordene Sudanesin Ayan. Als schließlich noch Noor, eine selbstbewusste bildhübsche Muslimin aus dem Iran, mit ihrem Kopftuch erdrosselt aufgefunden wird, beginnt Maria Kallio intensiv zu ermitteln. Dabei wird sie mit allen Konflikten, Vorurteilen und Hemmnissen konfrontiert, die sowohl aus dem Milieu der Einwanderer als auch aus dem der xenophoben Einheimischen erwachsen. Fanatiker auf beiden Seiten zählen zum Kreis der Tatverdächtigen.#Aufgrund der figurenreichen Konstellation und der Rahmenhandlung ergeben sich für die Romanstruktur viele ausgelegte Linien, die erst zum Schluss lose und ein wenig abrupt zusammengeführt werden. Ein aktuelles, engagiertes Sujet, das aber etwas straffer und spannender umgesetzt hätte werden können.</marc:subfield>
   </marc:datafield>
   <marc:datafield ind1=" " ind2=" " tag="020">
      <marc:subfield code="a">9783463406077</marc:subfield>
      <marc:subfield code="9">9783463406077</marc:subfield>
   </marc:datafield>
   <marc:datafield ind1=" " ind2=" " tag="041">
      <marc:subfield code="a">ger</marc:subfield>
   </marc:datafield>
   <marc:datafield ind1=" " ind2=" " tag="300">
      <marc:subfield code="a">343 S.</marc:subfield>
   </marc:datafield>
</marc:record>
